000 00194 a2200097 4500
020 _a9781741798944
041 _aeng
100 _aAnonimo
245 _aSouth America on a shoestring
942 _cBK
999 _c13804
_d13804